000 00632cab a2200229 4500
001 X526
008 090401t xxu||||| |||| 00| 0 eng d
035 _a(Sirsi) u66188
041 _aeng
245 _aRICS warns of a wasting generation
260 _c(53/93) 12 March 1993(2)
350 _a0
490 _aRICS Press Release
_v(53/93) 12 March 1993(2)
650 _aPIT CLOSURES
650 _aROYAL INSTITUTION OF CHARTERED SURVEYORS
650 _aSOCIAL DEPRIVATION
690 _aECONOMIC AND SOCIAL
690 _aENVIRONMENTAL AND LAND CONSULTANCY
690 _aMINING AND MINERALS
942 _n0
948 _c04/03/1997
999 _c41377
_d41377